| 000 | 00472nam a22001817a 4500 | ||
|---|---|---|---|
| 003 | NUST - PNEC | ||
| 005 | 20170116181120.0 | ||
| 008 | 151004b xxu||||| |||| 00| 0 eng d | ||
| 020 | _a8180140539 | ||
| 040 | _cLIBRARY | ||
| 082 | _a629.2 SIN | ||
| 100 |
_913457 _aSingh, Kirpal |
||
| 245 |
_aAutomobile engineering Vol II _cKirpal Singh |
||
| 250 | _a9th ed. | ||
| 260 | _c2004 | ||
| 650 |
_92269 _aAutomobiles--Design and construction _xME, IME |
||
| 942 |
_2ddc _cBK |
||
| 999 |
_c69532 _d69532 |
||